Loading...
In Praise of idleness and other essays
| Main Author: | |
|---|---|
| Format: | Printed Book |
| Published: |
Bombay, Blackie Associates
1971
|
| Subjects: |
| LEADER | 004720000a22001570004500 | ||
|---|---|---|---|
| 082 | |a 824 RUS1/I L1 | ||
| 100 | |a Russell, Bertrand | ||
| 245 | |a In Praise of idleness and other essays | ||
| 260 | |a Bombay, Blackie Associates | ||
| 260 | |c 1971 | ||
| 465 | |a R 7 | ||
| 650 | |a English | ||
| 650 | |a Essays | ||
| 942 | |c BK | ||
| 999 | |c 3803 |d 3803 | ||
| 952 | |0 0 |1 0 |4 0 |6 824_000000000000000_RUS1I_L1 |7 0 |8 ENG |9 3595 |a MGUL |b MGUL |d 2013-07-16 |e R 7 |l 0 |o 824 RUS1/I L1 |p 07415 |r 2013-07-16 |w 2013-07-16 |y BK | ||